000 01076nas a2200313 4500
001 BR2021000364
003 BR-BrBNA
005 20231205132147.0
007 ta
008 230509b bl.|||p| |||| 00| 00por d
040 _aBR-BrBNA
_bpor
_cBiblioteca Nacional de Agricultura
041 _a(Pt)
072 _aP10; F06; U40
100 1 _aFerreira, D.S.
100 1 _aRibeiro, W.R.
100 1 _aGonçalves, M.S.
100 1 _aPinheiro, A.A.
100 1 _aSales, R.A. de
100 1 _aReis, E.F.
245 1 _aCenário da área irrigada por pivô central no Triângulo Mineiro, no estado de Minas Gerais, Brazil
650 _aSENSORIAMENTO REMOTO
650 _aSISTEMA DE IRRIGAÇÃO
650 _aRECURSO HÍDRICO
773 0 _tNativa. Pesquisas Agrárias e Ambientais (Brazil)
_xISSN 2318-7670
_g(Nov-Dec 2018), v. 6(6) p. 613-618
_wBR2021000364
856 4 0 _uhttps://periodicoscientificos.ufmt.br/ojs/index.php/nativa/article/view/5864/4923
856 4 0 _dLink DSPACE/MAPA BR2021000364
909 _a202311
_bLúcia
_c55
_dLúcia Elande
942 _2AGRIS
_n0
_cANA
999 _c258818
_d258818